NLSUI OPAC header image

Initiation of corporate insolvency resolution process against ‘financial creditors’ and ‘operational creditors’ : a comparative analysis under the insolvency and bankruptcy code, 2016 (Record no. 217682)

MARC details
000 -LEADER
fixed length control field 00627nam a2200133Ia 4500
005 - DATE AND TIME OF LATEST TRANSACTION
control field 20260209120150.0
008 - FIXED-LENGTH DATA ELEMENTS--GENERAL INFORMATION
fixed length control field 260209s9999||||xx |||||||||||||| ||und||
100 ## - MAIN ENTRY--PERSONAL NAME
Personal name Mausam Kumar
245 #0 - TITLE STATEMENT
Title Initiation of corporate insolvency resolution process against ‘financial creditors’ and ‘operational creditors’ : a comparative analysis under the insolvency and bankruptcy code, 2016
260 ## - PUBLICATION, DISTRIBUTION, ETC.
Place of publication, distribution, etc. BangaloreBangalore
Name of publisher, distributor, etc. NLSIU, Bangalore
Date of publication, distribution, etc. 2023 - 2024
300 ## - PHYSICAL DESCRIPTION
Extent 30 p. ; 25 cm.
700 ## - ADDED ENTRY--PERSONAL NAME
Personal name Prof. Dr. O V Nandimath - SupervisorProf. Dr. O V Nandimath - Supervisor
856 ## - ELECTRONIC LOCATION AND ACCESS
Uniform Resource Identifier <a href="https://dans.nls.ac.in/handle/123456789/2118">https://dans.nls.ac.in/handle/123456789/2118</a>
Holdings
Withdrawn status Lost status Damaged status Not for loan Home library Current library Date acquired Total Checkouts Barcode Date last seen Price effective from Koha item type
        . . 09.02.2026   LLM1049 09.02.2026 09.02.2026 Dissertation